Tovar v podvojnom účtovníctve obchodnej spoločnosti bakalárska práca

Guardado en:
Detalles Bibliográficos
Autor principal: Janičová, Daniela, 1989-
Autor Corporativo: Podnikovohospodárska fakulta EU so sídlom v Košiciach. Katedra účtovníctva a financií
Otros Autores: Hvastová, Jozefína, 1969-
Formato: Libro
Lenguaje:eslovaco
Publicado: Košice 2012
Etiquetas: Agregar Etiqueta
Sin Etiquetas, Sea el primero en etiquetar este registro!

MARC

LEADER 00000nbm a2200000 4500
001 0155599
005 20161109111903.2
041 0 |a slo 
044 |a SK 
245 1 0 |a Tovar v podvojnom účtovníctve obchodnej spoločnosti  |b bakalárska práca  |c Daniela Janičová ; školiteľ: Jozefína Hvastová 
264 1 |a Košice  |c 2012 
300 |a 70 s. 
100 1 |a Janičová, Daniela, 1989- 
700 1 |a Hvastová, Jozefína, 1969- 
710 2 |a Podnikovohospodárska fakulta EU so sídlom v Košiciach. Katedra účtovníctva a financií